| 000 | 00502nam a2200181Ia 4500 | ||
|---|---|---|---|
| 005 | 20230131124740.0 | ||
| 008 | 131103s9999 xx 000 0 und d | ||
| 040 | _aLoreto College | ||
| 041 | _aEnglish | ||
| 082 |
_a880 _bPLA |
||
| 245 |
_aPlato's the republic _ctranslated into English by B.Jowett |
||
| 260 |
_aNew York _bThe Modern Library _c[19 -?] |
||
| 300 | _a397 p.[9] | ||
| 440 | _aThe Modern Library Of The Worlds Best Books | ||
| 700 | _aJowett,B.,tr. | ||
| 850 | _aLCLIB | ||
| 942 | _cBK | ||
| 999 |
_c5535 _d56014 |
||